[Event "Kreis-Mitte-EM"]
[Site "Zirndorf"]
[Date "2012.01.07"]
[Round "4.1"]
[White "Erlbeck, Peter"]
[Black "Saathoff, Richard"]
[Result "0-1"]
[WhiteElo "2025"]
[BlackElo "2109"]
[PlyCount "62"]
[EventDate "2012.??.??"]
[WhiteTeam "SW Nürnberg Süd"]
[BlackTeam "SW Nürnberg Süd"]

1. f4 e5 2. e4 exf4 3. Nf3 Be7 4. Nc3 Bh4+ 5. Ke2 d5 6. Nxd5 Nf6 7. Nxf6+ Qxf6
8. e5 Qa6+ 9. d3 Bg4 10. Bxf4 Nc6 11. Kd2 O-O-O 12. Be2 Qa5+ 13. Kc1 Bxf3 14.
gxf3 Nxe5 15. Qg1 Bf6 16. d4 Ng6 17. Bd2 Qd5 18. c3 c5 19. Qg4+ Kb8 20. Bd3
cxd4 21. Be4 Qc5 22. b4 Qc4 23. Re1 Ne5 24. Qg3 Rhe8 25. f4 dxc3 26. Qxc3 Nd3+
27. Bxd3 Rxe1+ 28. Bxe1 Qxc3+ 29. Bxc3 Bxc3 30. Rb1 Rxd3 31. Kc2 Re3 0-1

[Event "Kreis-Mitte-EM"]
[Site "Zirndorf"]
[Date "2012.01.07"]
[Round "4.2"]
[White "Wagner, Hans"]
[Black "Bolten, Daniel"]
[Result "1-0"]
[WhiteElo "2096"]
[BlackElo "1889"]
[PlyCount "75"]
[EventDate "2012.??.??"]
[WhiteTeam "SC Stein"]
[BlackTeam "SW Nürnberg Süd"]

1. d4 e6 2. c4 Nf6 3. Nc3 d5 4. Bg5 Be7 5. e3 b6 6. cxd5 exd5 7. Rc1 O-O 8. Nf3
Be6 9. Bd3 Nbd7 10. O-O h6 11. Bh4 c5 12. Qc2 Nh5 13. Bxe7 Qxe7 14. dxc5 bxc5
15. Rfd1 Nhf6 16. Qa4 c4 17. Be2 Nb6 18. Qa5 Rfd8 19. Nd4 Rac8 20. Ncb5 Rd7 21.
Rc3 Bg4 22. f3 Bh5 23. Ra3 c3 24. Rxc3 Rxc3 25. Qxc3 a6 26. Nf5 Qd8 27. Nbd4
Bg6 28. Bxa6 Bxf5 29. Nxf5 Ra7 30. Bd3 Rxa2 31. Bb1 Ra7 32. Qd4 Rd7 33. Rc1 Rc7
34. Rd1 Rd7 35. Ba2 Nc4 36. Rc1 Qa5 37. Bb1 Nd6 38. Qc5 1-0

[Event "Kreis-Mitte-EM"]
[Site "Zirndorf"]
[Date "2012.01.07"]
[Round "4.3"]
[White "Rausch, Wolfgang jr"]
[Black "Siegl, Melina"]
[Result "1-0"]
[WhiteElo "2005"]
[BlackElo "1692"]
[PlyCount "41"]
[EventDate "2012.??.??"]
[WhiteTeam "SC N-T Nürnberg"]
[BlackTeam "SW Nürnberg Süd"]

1. d4 f5 2. Nc3 g6 3. e4 d6 4. Nf3 fxe4 5. Nxe4 Bg7 6. c3 Nf6 7. Nxf6+ Bxf6 8.
Bh6 Bf5 9. Qb3 Qc8 10. Bc4 e6 11. O-O d5 12. Be2 Nd7 13. Rfe1 Nb6 14. a4 Rb8
15. a5 Nd7 16. c4 Kf7 17. cxd5 exd5 18. Qxd5+ Be6 19. Qxe6+ Kxe6 20. Bc4+ Kd6
21. Re6# 1-0

[Event "Kreis-Mitte-EM"]
[Site "Zirndorf"]
[Date "2012.01.07"]
[Round "4.4"]
[White "Lais, Thomas"]
[Black "Diehl, Achim"]
[Result "1-0"]
[WhiteElo "1959"]
[BlackElo "1959"]
[PlyCount "51"]
[EventDate "2012.??.??"]
[WhiteTeam "SW Nürnberg Süd"]
[BlackTeam "SW Nürnberg Süd"]

1. e4 c5 2. Nf3 d6 3. d4 cxd4 4. Nxd4 Nf6 5. Nc3 a6 6. f4 Qc7 7. Bd3 g6 8. O-O
Bg7 9. Nf3 Nbd7 10. Qe1 b5 11. e5 dxe5 12. fxe5 Ng4 13. Be4 Bb7 14. Bxb7 Qxb7
15. e6 Qb6+ 16. Kh1 fxe6 17. Qe4 Ndf6 18. Qxa8+ Kd7 19. Rd1+ Nd5 20. Rxd5+ Kc7
21. Bf4+ e5 22. Rd7+ Kxd7 23. Rd1+ Ke6 24. Qd5+ Kf5 25. Nd4+ Kxf4 26. Qf3+ 1-0

[Event "Kreis-Mitte-EM"]
[Site "Zirndorf"]
[Date "2012.01.07"]
[Round "4.5"]
[White "Luther, Helmut"]
[Black "Weißmann, Peter"]
[Result "1-0"]
[WhiteElo "1913"]
[BlackElo "1762"]
[PlyCount "67"]
[EventDate "2012.??.??"]
[WhiteTeam "SW Nürnberg Süd"]
[BlackTeam "SK Zirndorf"]

1. d4 Nf6 2. Nf3 e6 3. Bg5 h6 4. Bh4 b6 5. c4 Bb4+ 6. Nbd2 Bb7 7. a3 Bxd2+ 8.
Nxd2 d6 9. f3 c5 10. dxc5 dxc5 11. Qc2 Nc6 12. e3 g5 13. Bf2 Qe7 14. O-O-O
O-O-O 15. Be2 Nd7 16. h4 f5 17. Nb1 Nf6 18. Nc3 g4 19. Nb5 a6 20. Nc3 Qc7 21.
fxg4 Rdg8 22. gxf5 Rxg2 23. Bf3 Rxf2 24. Qxf2 e5 25. Rhg1 Ne7 26. Bxb7+ Qxb7
27. Rg7 Rg8 28. Rxg8+ Nexg8 29. Qd2 Qc7 30. e4 Qe7 31. Qd6 Qxd6 32. Rxd6 Kc7
33. Re6 h5 34. Rxe5 1-0

[Event "Kreis-Mitte-EM"]
[Site "Zirndorf"]
[Date "2012.01.07"]
[Round "4.6"]
[White "Leis, Stefan"]
[Black "Münzenberg, Dietrich"]
[Result "1-0"]
[WhiteElo "1873"]
[BlackElo "1596"]
[PlyCount "35"]
[EventDate "2012.??.??"]
[WhiteTeam "SC Mühlhof-R'dorf"]
[BlackTeam "Zabo-Eintracht N."]

1. e4 c6 2. d4 d5 3. e5 Bf5 4. Nc3 e6 5. g4 Bg6 6. Nge2 Bb4 7. h4 h5 8. Nf4 Ne7
9. Nxg6 fxg6 10. Bd2 Nd7 11. Ne2 Bxd2+ 12. Qxd2 hxg4 13. Qg5 Qb6 14. O-O-O c5
15. Nf4 Nf8 16. Bd3 cxd4 17. Nxg6 Qc7 18. Nxh8 1-0

[Event "Kreis-Mitte-EM"]
[Site "Zirndorf"]
[Date "2012.01.07"]
[Round "4.7"]
[White "Babichev, Vyacheslav"]
[Black "Schanz, Karlheinz"]
[Result "1-0"]
[WhiteElo "1689"]
[BlackElo "1782"]
[PlyCount "97"]
[EventDate "2012.??.??"]
[WhiteTeam "SW Nürnberg Süd"]
[BlackTeam "SC Mühlhof-R'dorf"]

1. b3 e5 2. Bb2 Nc6 3. e3 Nf6 4. Bb5 d6 5. c4 a6 6. Bxc6+ bxc6 7. Ne2 Bg4 8.
O-O Be7 9. f3 Bh5 10. Ng3 Bg6 11. d3 Nh5 12. Nxh5 Bxh5 13. Nd2 O-O 14. Qc2 c5
15. Ne4 f5 16. Ng3 Bg6 17. f4 exf4 18. exf4 Bf6 19. Rae1 Bxb2 20. Qxb2 Qd7 21.
Rf3 Rfe8 22. Rfe3 Rxe3 23. Rxe3 Re8 24. Qe2 Rxe3 25. Qxe3 Bf7 26. h3 Qe6 27.
Qd2 g6 28. Kf2 Be8 29. Qc3 Bc6 30. Ne2 Qe7 31. g3 Qg7 32. Qa5 Bb7 33. Qa4 Qe7
34. Qa5 Qd7 35. Nc3 c6 36. Ne2 Qe7 37. Qd2 d5 38. Qe3 Qxe3+ 39. Kxe3 d4+ 40.
Kd2 a5 41. Kc2 h6 42. h4 Kf7 43. Kb2 Kf6 44. Ka3 g5 45. Ka4 gxh4 46. gxh4 Kg6
47. Ng3 Bc8 48. Kxa5 Kf6 49. Kb6 1-0

[Event "Kreis-Mitte-EM"]
[Site "Zirndorf"]
[Date "2012.01.07"]
[Round "4.8"]
[White "Ahlich, Thomas"]
[Black "Berntgen, Henri"]
[Result "1-0"]
[WhiteElo "1762"]
[BlackElo "1451"]
[PlyCount "125"]
[EventDate "2012.??.??"]
[WhiteTeam "Zabo-Eintracht N."]
[BlackTeam "SW Nürnberg Süd"]

1. Nf3 Nf6 2. b3 g6 3. Bb2 Bg7 4. c4 O-O 5. g3 b6 6. Bg2 Bb7 7. b4 d6 8. O-O c5
9. b5 Nbd7 10. Nc3 Rb8 11. a4 d5 12. Nxd5 Nxd5 13. Bxg7 Kxg7 14. cxd5 Bxd5 15.
Ra3 e5 16. d3 Qe7 17. Qa1 Kg8 18. Nd2 Bxg2 19. Kxg2 Qe6 20. Qa2 Rfe8 21. Qxe6
Rxe6 22. Rfa1 f5 23. a5 Rb7 24. Nc4 Nf6 25. axb6 axb6 26. Ra8+ Kg7 27. R1a6 Nd5
28. Rc8 Nc7 29. Rxb6 Rexb6 30. Nxb6 Nxb5 31. Nc4 Rc7 32. Rxc7+ Nxc7 33. Nxe5
Ne6 34. f4 Kf6 35. e3 Ke7 36. Kf3 Kf6 37. h4 h6 38. Ke2 g5 39. Kd2 g4 40. Kc3
Ke7 41. Kc4 Ng7 42. Kxc5 Nh5 43. e4 Ke6 44. d4 Nxg3 45. d5+ Kf6 46. d6 Nxe4+
47. Kc6 Nxd6 48. Kxd6 g3 49. h5 g2 50. Nf3 Kf7 51. Ke5 Ke7 52. Kxf5 Kf7 53. Ng1
Kg7 54. Ke6 Kg8 55. Ke7 Kg7 56. f5 Kh8 57. f6 Kg8 58. f7+ Kh7 59. Ke8 Kg7 60.
f8=Q+ Kh7 61. Qf4 Kg8 62. Qg4+ Kh7 63. Kf8 1-0

[Event "Kreis-Mitte-EM"]
[Site "Zirndorf"]
[Date "2012.01.07"]
[Round "4.10"]
[White "Berntgen, Michael"]
[Black "Thürauf, Peter"]
[Result "0-1"]
[WhiteElo "1502"]
[BlackElo "1826"]
[PlyCount "70"]
[EventDate "2012.??.??"]
[WhiteTeam "SW Nürnberg Süd"]
[BlackTeam "SW Nürnberg Süd"]

1. e4 c5 2. Nc3 Nc6 3. Bb5 Nd4 4. f4 a6 5. Be2 g6 6. Nf3 Bg7 7. O-O d6 8. d3 e6
9. Bd2 Ne7 10. Nxd4 cxd4 11. Nb1 O-O 12. Qe1 Bd7 13. c4 b5 14. Na3 f5 15. Bf3
Ra7 16. Rc1 Qb6 17. b3 Rc8 18. Ba5 Qb8 19. Bb4 Nc6 20. Bd2 Kh8 21. exf5 gxf5
22. Qh4 Be8 23. Rce1 Bf7 24. Bh5 Re8 25. Rf3 Bxh5 26. Qxh5 b4 27. Nc2 a5 28.
Rh3 Bf6 29. Qg6 Rf8 30. Rxe6 Rg7 31. Qxf5 Qc8 32. Qd5 Nd8 33. Rxd6 Qxh3 34.
Rxf6 Rxg2+ 35. Qxg2 Rg8 0-1

[Event "Kreis-Mitte-EM"]
[Site "Zirndorf"]
[Date "2012.01.07"]
[Round "4.11"]
[White "Schlötterer, Hermann"]
[Black "Dietrich, Thomas"]
[Result "0-1"]
[WhiteElo "1795"]
[BlackElo "1524"]
[PlyCount "104"]
[EventDate "2012.??.??"]
[WhiteTeam "SC N-T Nürnberg"]
[BlackTeam "SC Anderssen Nbg."]

1. d4 d5 2. g3 b6 3. Bg2 Bb7 4. Nf3 e6 5. O-O Nf6 6. c4 Be7 7. Nc3 O-O 8. b3
Nbd7 9. Bb2 a6 10. Nd2 h6 11. e4 dxc4 12. bxc4 c5 13. d5 exd5 14. exd5 Bd6 15.
Nce4 Be5 16. Qc2 Re8 17. Rfe1 Rc8 18. Bh3 Rc7 19. Rad1 Nxe4 20. Qxe4 Nf6 21.
Qc2 Rce7 22. Rxe5 Rxe5 23. Bxe5 Rxe5 24. Nf3 Re7 25. Qf5 g6 26. Qf4 Kg7 27. Bg2
Re4 28. Qd2 Rxc4 29. d6 Bxf3 30. Bxf3 Rd4 31. Qe3 Rxd1+ 32. Bxd1 Qxd6 33. Bb3
b5 34. Qf3 c4 35. Bc2 Qd2 36. Bd1 Qe1+ 37. Kg2 Qe4 38. Kf1 Qxf3 39. Bxf3 Nd7
40. Ke1 Ne5 41. Be4 f5 42. Bb7 a5 43. Ba6 b4 44. f4 Nf3+ 45. Ke2 c3 46. Bd3
Nxh2 47. Bc2 Kf6 48. Bb3 g5 49. Kf2 h5 50. fxg5+ Kxg5 51. Bd1 f4 52. Kg2 Ng4
0-1

[Event "Kreis-Mitte-EM"]
[Site "Zirndorf"]
[Date "2012.01.07"]
[Round "4.12"]
[White "Semenova, Alisa"]
[Black "Meulner, Fabian"]
[Result "0-1"]
[WhiteElo "1310"]
[BlackElo "1675"]
[PlyCount "118"]
[EventDate "2012.??.??"]
[WhiteTeam "SC N-T Nürnberg"]
[BlackTeam "SW Nürnberg Süd"]

1. e4 c5 2. Nf3 a6 3. d4 cxd4 4. Nxd4 Nf6 5. Nc3 e5 6. Nf3 Bb4 7. Bd3 Nc6 8.
Bd2 O-O 9. O-O Bxc3 10. Bxc3 d6 11. Qe2 b5 12. a3 Nd7 13. b4 Nb6 14. Rfd1 Be6
15. Qe3 f6 16. Be2 Qc7 17. Rd2 d5 18. exd5 Nxd5 19. Qc5 Nce7 20. Qxc7 Nxc7 21.
Bb2 Rfd8 22. Rad1 Rxd2 23. Rxd2 Kf8 24. c3 Ke8 25. Kf1 Rd8 26. Rxd8+ Kxd8 27.
Bd1 Ned5 28. a4 Nf4 29. g3 Bc4+ 30. Kg1 Nd3 31. Ba3 Nd5 32. axb5 axb5 33. Bc2
Nxc3 34. Nd2 Ne2+ 35. Kf1 Nd4 36. Bxd3 Bxd3+ 37. Kg2 Nc2 38. Bb2 Nxb4 39. h3
Kd7 40. Bc3 Nd5 41. Ba5 Kc6 42. Nb3 Bc4 43. Nd2 Nb6 44. f3 Bd3 45. Kf2 Na4 46.
Ke3 Bf5 47. h4 Bc2 48. Nf1 Nc5 49. Nd2 Ne6 50. Bc3 Kc5 51. Bb2 Nd4 52. Ba3+ b4
53. Bb2 Nf5+ 54. Kf2 b3 55. h5 Kb4 56. g4 Ne7 57. Ke2 Nd5 58. Kf2 Nf4 59. Ke3
Nd3 0-1

[Event "Kreis-Mitte-EM"]
[Site "Zirndorf"]
[Date "2012.01.07"]
[Round "4.13"]
[White "Siegl, Adrian"]
[Black "Nüßlein, Christian"]
[Result "0-1"]
[WhiteElo "1476"]
[BlackElo "1608"]
[PlyCount "114"]
[EventDate "2012.??.??"]
[WhiteTeam "SW Nürnberg Süd"]
[BlackTeam "SG Nürnberg 1978"]

1. e4 Nf6 2. Nc3 d5 3. exd5 Nxd5 4. Nxd5 Qxd5 5. h3 Bf5 6. Nf3 Qe4+ 7. Qe2
Qxe2+ 8. Bxe2 Bxc2 9. O-O Nc6 10. Bb5 Be4 11. Ne5 a6 12. Bxc6+ Bxc6 13. Nxc6
bxc6 14. b3 Rd8 15. Rd1 Rd3 16. Bb2 f6 17. Rac1 Kd7 18. Rc4 e5 19. Ra4 a5 20.
Bc3 Bb4 21. Bxb4 axb4 22. Rxb4 Ra8 23. a4 Ra5 24. Rg4 g5 25. Rg3 Rd6 26. h4 h6
27. hxg5 hxg5 28. Kf1 Rad5 29. Ke2 c5 30. Rc3 Kc6 31. b4 Rd8 32. bxc5 Rxc5 33.
Rxc5+ Kxc5 34. Rc1+ Kd6 35. Rc4 c5 36. Kf3 Kc6 37. Ke3 Kd5 38. d3 f5 39. g3 f4+
40. Kf3 Rb8 41. gxf4 gxf4 42. Ke2 Rb2+ 43. Ke1 f3 44. Re4 Ra2 45. Re3 Rxa4 46.
Rxf3 Kd4 47. Re3 Ra2 48. Kf1 Rd2 49. Re4+ Kxd3 50. Rxe5 Rd1+ 51. Kg2 c4 52.
Rd5+ Kc2 53. Rc5 c3 54. f4 Rd4 55. f5 Kd3 56. Kf3 c2 57. f6 Rd6 0-1

[Event "Kreis-Mitte-EM"]
[Site "Zirndorf"]
[Date "2012.01.07"]
[Round "4.14"]
[White "Walch, Roger"]
[Black "Ratscheu, Stefan"]
[Result "1-0"]
[WhiteElo "1652"]
[BlackElo "1459"]
[PlyCount "77"]
[EventDate "2012.??.??"]
[WhiteTeam "SW Nürnberg Süd"]
[BlackTeam "SC Postbauer-Heng"]

1. e4 e5 2. Nc3 Nc6 3. Bc4 Nf6 4. d3 Be7 5. Be3 d6 6. Nf3 Bg4 7. h3 Bh5 8. g4
Bg6 9. a3 Na5 10. Ba2 c5 11. Nd2 Nc6 12. O-O Nd4 13. f4 exf4 14. Rxf4 O-O 15.
Rf2 Nd7 16. Nf3 Nxf3+ 17. Qxf3 Ne5 18. Qg2 Bh4 19. Re2 Bg5 20. Nd5 Rc8 21. Rf1
c4 22. d4 Bxe3+ 23. Nxe3 Nc6 24. c3 b5 25. Nf5 h6 26. Qg3 d5 27. e5 Bxf5 28.
Rxf5 Ne7 29. Rh5 Rc6 30. Bb1 Qb6 31. g5 Re6 32. Rg2 Kh8 33. gxh6 Ng6 34. hxg7+
Kxg7 35. Qh4 Rg8 36. Rh7+ Kf8 37. Qf2 Qc7 38. Bf5 Rb6 39. e6 1-0

[Event "Kreis-Mitte-EM"]
[Site "Zirndorf"]
[Date "2012.01.07"]
[Round "4.15"]
[White "Röckl, Adelbert"]
[Black "Schilay, Lorenz"]
[Result "1/2-1/2"]
[WhiteElo "1548"]
[BlackElo "1413"]
[PlyCount "68"]
[EventDate "2012.??.??"]
[WhiteTeam "Zabo-Eintracht N."]
[BlackTeam "SK Neumarkt"]

1. d4 d5 2. Bg5 Nf6 3. Bxf6 gxf6 4. e3 e5 5. dxe5 fxe5 6. Nc3 Be6 7. Qh5 Qf6 8.
Nf3 Nd7 9. Ng5 Qf5 10. Bd3 e4 11. Be2 Qg6 12. Qxg6 hxg6 13. Nxe6 fxe6 14. O-O-O
O-O-O 15. Nb5 c6 16. Nd4 Re8 17. Nb3 Bd6 18. g3 Re7 19. c4 b6 20. Nd4 Kb7 21.
Kc2 Be5 22. b4 Bxd4 23. exd4 Nf6 24. a4 Reh7 25. h4 g5 26. c5 gxh4 27. gxh4
Rxh4 28. Rhg1 R8h7 29. cxb6 axb6 30. b5 Rh2 31. bxc6+ Kxc6 32. Bb5+ Kb7 33. Rd2
Rc7+ 34. Kd1 Nh5 1/2-1/2

[Event "Kreis-Mitte-EM"]
[Site "Zirndorf"]
[Date "2012.01.07"]
[Round "4.17"]
[White "Ehmer, Marty"]
[Black "Schilay, Eva"]
[Result "1-0"]
[WhiteElo "1502"]
[BlackElo "1100"]
[PlyCount "93"]
[EventDate "2012.??.??"]
[WhiteTeam "SW Nürnberg Süd"]
[BlackTeam "SK Neumarkt"]

1. e4 e5 2. Nf3 Nc6 3. Bb5 a6 4. Bxc6 dxc6 5. O-O Bg4 6. d3 Bc5 7. h3 Be6 8.
Nxe5 Qd6 9. Nf3 O-O-O 10. Nc3 Ne7 11. Re1 f6 12. Be3 g5 13. e5 fxe5 14. Bxc5
Qxc5 15. Rxe5 Qd6 16. Qe2 Nd5 17. Nxg5 Bd7 18. Nf7 Qg6 19. Nxh8 Rxh8 20. Nxd5
cxd5 21. Qh5 Qg7 22. Rae1 Kd8 23. Qg5+ Qxg5 24. Rxg5 Bc6 25. f4 h6 26. Rg7 Rf8
27. Rf1 Ba4 28. b3 Bc6 29. f5 a5 30. f6 Be8 31. f7 Ke7 32. fxe8=Q+ Kxe8 33.
Rxf8+ Kxf8 34. Rh7 Ke8 35. Rxh6 Kd7 36. Rf6 c6 37. g4 Kc7 38. g5 Kb6 39. g6 Kb5
40. g7 Kb4 41. g8=Q Kc3 42. Qc8 Kxc2 43. Qxb7 Kxd3 44. Qxc6 d4 45. Rf3+ Ke2 46.
Rf2+ Ke3 47. Qf3# 1-0

[Event "Kreis-Mitte-EM"]
[Site "Zirndorf"]
[Date "2012.01.07"]
[Round "4.18"]
[White "Nagel, Felix"]
[Black "Dreiseitel, Werner"]
[Result "1-0"]
[WhiteElo "1763"]
[BlackElo "1494"]
[PlyCount "55"]
[EventDate "2012.??.??"]
[WhiteTeam "SC Anderssen Nbg."]
[BlackTeam "SC N-T Nürnberg"]

1. e4 c6 2. d4 d5 3. exd5 cxd5 4. c4 Nf6 5. cxd5 Nxd5 6. Bc4 e6 7. Nf3 Be7 8.
O-O O-O 9. Re1 a6 10. Qe2 b5 11. Bxd5 Qxd5 12. Nc3 Qd7 13. Bf4 Bb7 14. Rad1 Bb4
15. a3 Ba5 16. Ne5 Qc8 17. Qg4 Kh8 18. Re3 Nd7 19. Rg3 g6 20. Rh3 f5 21. Nxg6+
Kg7 22. Qg5 hxg6 23. Qe7+ Rf7 24. Rh7+ Kxh7 25. Qxf7+ Kh8 26. Rd3 Nf6 27. Rh3+
Nh5 28. Be5# 1-0

[Event "Kreis-Mitte-EM"]
[Site "Zirndorf"]
[Date "2012.01.07"]
[Round "4.19"]
[White "Dreiseitel, Ursula"]
[Black "Thoma, Dirk"]
[Result "1/2-1/2"]
[WhiteElo "1358"]
[BlackElo "1468"]
[PlyCount "63"]
[EventDate "2012.??.??"]
[WhiteTeam "SC N-T Nürnberg"]
[BlackTeam "SC N-T Nürnberg"]

1. d4 Nf6 2. c4 e6 3. Nc3 b6 4. Bg5 Be7 5. Nf3 Bb7 6. e3 h6 7. Bh4 Bb4 8. Be2
Bxc3+ 9. bxc3 d6 10. O-O O-O 11. Qb3 Nbd7 12. a4 a5 13. Nd2 g5 14. Bg3 Ne4 15.
Nxe4 Bxe4 16. f3 Bg6 17. Rfd1 f5 18. Bf2 c5 19. Bd3 Rb8 20. e4 fxe4 21. Bxe4
Bxe4 22. fxe4 Qf6 23. Qc2 e5 24. Be3 Qg6 25. Rd2 Nf6 26. dxe5 dxe5 27. Rd6 Qxe4
28. Qxe4 Nxe4 29. Rxh6 Kg7 30. Re6 Rfe8 31. Rc6 Rec8 32. Re6 1/2-1/2

[Event "Kreis-Mitte-EM"]
[Site "Zirndorf"]
[Date "2012.01.07"]
[Round "4.20"]
[White "Schilay, Erich"]
[Black "Männer, Tamina"]
[Result "0-1"]
[WhiteElo "799"]
[BlackElo "986"]
[PlyCount "64"]
[EventDate "2012.??.??"]
[WhiteTeam "SK Neumarkt"]
[BlackTeam "SC N-T Nürnberg"]

1. d3 e5 2. Bd2 d5 3. Nc3 Nf6 4. g3 c6 5. Qb1 Bc5 6. a3 Ng4 7. e3 d4 8. Ne4 Bb6
9. Bg2 O-O 10. c3 dxe3 11. fxe3 Bf5 12. d4 Re8 13. Ne2 c5 14. O-O Qd7 15. Qa2
cxd4 16. cxd4 h6 17. b4 exd4 18. Nxd4 Bxe4 19. Bxe4 Rxe4 20. Rxf7 Qxf7 21. Bc1
Qxa2 22. Rxa2 Nd7 23. Re2 Rc8 24. Bb2 Rxe3 25. Kg2 Bxd4 26. Rxe3 Nxe3+ 27. Kf3
Bxb2 28. a4 Re8 29. h3 Nd5 30. b5 N7f6 31. g4 Re3+ 32. Kg2 Nf4+ 0-1

[Event "Kreis-Mitte-EM"]
[Site "Zirndorf"]
[Date "2012.01.07"]
[Round "5.2"]
[White "Lais, Thomas"]
[Black "Rausch, Wolfgang jr"]
[Result "1/2-1/2"]
[WhiteElo "1959"]
[BlackElo "2005"]
[PlyCount "29"]
[EventDate "2012.??.??"]
[WhiteTeam "SW Nürnberg Süd"]
[BlackTeam "SC N-T Nürnberg"]

1. e4 c6 2. d4 d5 3. exd5 cxd5 4. c4 Nf6 5. Nc3 g6 6. Qb3 Bg7 7. cxd5 O-O 8. g3
e6 9. Bg2 Nxd5 10. Nge2 Nc6 11. Nxd5 exd5 12. Be3 Qa5+ 13. Qc3 Qxc3+ 14. bxc3
Rd8 15. Nf4 1/2-1/2

[Event "Kreis-Mitte-EM"]
[Site "Zirndorf"]
[Date "2012.01.07"]
[Round "5.3"]
[White "Leis, Stefan"]
[Black "Erlbeck, Peter"]
[Result "1/2-1/2"]
[WhiteElo "1873"]
[BlackElo "2025"]
[PlyCount "47"]
[EventDate "2012.??.??"]
[WhiteTeam "SC Mühlhof-R'dorf"]
[BlackTeam "SW Nürnberg Süd"]

1. d4 f5 2. g3 Nf6 3. Bg2 d6 4. c4 g6 5. Nc3 Bg7 6. Nf3 O-O 7. O-O Qe8 8. b3 h6
9. Bb2 g5 10. Qc2 Qh5 11. e4 g4 12. Nd2 c6 13. Ne2 Nh7 14. Nf4 Qf7 15. d5 Ng5
16. Bxg7 Qxg7 17. Qd3 Nd7 18. Qe3 Ne5 19. c5 fxe4 20. Bxe4 Nxe4 21. Qxe4 Bf5
22. Qe3 cxd5 23. Nxd5 Rad8 24. Rfe1 1/2-1/2

[Event "Kreis-Mitte-EM"]
[Site "Zirndorf"]
[Date "2012.01.07"]
[Round "5.4"]
[White "Ahlich, Thomas"]
[Black "Luther, Helmut"]
[Result "1/2-1/2"]
[WhiteElo "1762"]
[BlackElo "1913"]
[PlyCount "27"]
[EventDate "2012.??.??"]
[WhiteTeam "Zabo-Eintracht N."]
[BlackTeam "SW Nürnberg Süd"]

1. Nf3 d6 2. b3 e5 3. e4 Nc6 4. d4 exd4 5. Nxd4 Nxd4 6. Qxd4 Qf6 7. Bb2 Qxd4 8.
Bxd4 Bd7 9. Nd2 Ne7 10. O-O-O Nc6 11. Bc3 O-O-O 12. h3 Rg8 13. f4 g6 14. Bc4
1/2-1/2

[Event "Kreis-Mitte-EM"]
[Site "Zirndorf"]
[Date "2012.01.07"]
[Round "5.5"]
[White "Diehl, Achim"]
[Black "Babichev, Vyacheslav"]
[Result "1-0"]
[WhiteElo "1959"]
[BlackElo "1689"]
[PlyCount "55"]
[EventDate "2012.??.??"]
[WhiteTeam "SW Nürnberg Süd"]
[BlackTeam "SW Nürnberg Süd"]

1. e4 d6 2. d4 Nf6 3. Nc3 g6 4. f4 Bg7 5. Nf3 O-O 6. Be3 Ng4 7. Bg1 b6 8. h3
Nf6 9. Qd2 Bb7 10. Bd3 e6 11. O-O-O Nbd7 12. f5 e5 13. dxe5 Nxe5 14. Nxe5 dxe5
15. g4 Re8 16. Be3 Qe7 17. g5 Nxe4 18. Nxe4 gxf5 19. Nf6+ Bxf6 20. gxf6 Qxf6
21. Rhg1+ Kh8 22. Bg5 Qd6 23. Bxf5 Qxd2+ 24. Rxd2 Kg7 25. Be7+ Kh6 26. Bf6 Rg8
27. Rg4 Rxg4 28. hxg4 1-0

[Event "Kreis-Mitte-EM"]
[Site "Zirndorf"]
[Date "2012.01.07"]
[Round "5.6"]
[White "Bolten, Daniel"]
[Black "Meulner, Fabian"]
[Result "1/2-1/2"]
[WhiteElo "1889"]
[BlackElo "1675"]
[PlyCount "92"]
[EventDate "2012.??.??"]
[WhiteTeam "SW Nürnberg Süd"]
[BlackTeam "SW Nürnberg Süd"]

1. c4 e5 2. Nc3 d6 3. g3 f5 4. Bg2 Nf6 5. d3 Be7 6. Bg5 c6 7. Bxf6 Bxf6 8. e3
O-O 9. Nge2 Qe8 10. Qd2 Na6 11. f4 Nc7 12. O-O g6 13. Rae1 Bd7 14. Kh1 Qd8 15.
e4 Ne8 16. d4 exd4 17. Nxd4 Qb6 18. e5 Bg7 19. Nb3 Be6 20. c5 dxc5 21. Na4 Qb4
22. Naxc5 Qxd2 23. Nxd2 Nc7 24. Nxe6 Nxe6 25. Nc4 Rfd8 26. Rd1 Rxd1 27. Rxd1
Rd8 28. Rxd8+ Nxd8 29. b4 Bf8 30. a3 Kf7 31. Kg1 Ke6 32. Kf1 Kd7 33. Ke2 Kc7
34. Kd3 Ne6 35. Bh3 Bh6 36. Ne3 Bxf4 37. Bxf5 Bxe3 38. Bxe6 Bg1 39. Ke4 Bxh2
40. Bg8 Kd7 41. Bxh7 Bxg3 42. Bxg6 Bh4 43. Bf5+ Kd8 44. Kd4 Be7 45. Kc4 Kc7 46.
a4 a6 1/2-1/2

[Event "Kreis-Mitte-EM"]
[Site "Zirndorf"]
[Date "2012.01.07"]
[Round "5.7"]
[White "Thürauf, Peter"]
[Black "Nüßlein, Christian"]
[Result "1-0"]
[WhiteElo "1826"]
[BlackElo "1608"]
[PlyCount "69"]
[EventDate "2012.??.??"]
[WhiteTeam "SW Nürnberg Süd"]
[BlackTeam "SG Nürnberg 1978"]

1. Nf3 Nf6 2. d4 g6 3. g3 Bg7 4. c4 c5 5. Bg2 Nc6 6. O-O cxd4 7. Nxd4 Qb6 8.
Nb5 a6 9. N5c3 Qd4 10. Qa4 O-O 11. Rd1 Qa7 12. Na3 Ng4 13. e3 Nf6 14. Nd5 e6
15. Nxf6+ Bxf6 16. Rb1 Be7 17. Bd2 Bf6 18. Qc2 Ne7 19. e4 Rd8 20. Be3 Qb8 21.
Bb6 Re8 22. c5 Nc6 23. Nc4 Bd8 24. f4 Rf8 25. b4 e5 26. Bxd8 Rxd8 27. Nd6 b5
28. Qb3 Rf8 29. Qd5 exf4 30. gxf4 Kg7 31. e5 Ra7 32. f5 f6 33. exf6+ Kxf6 34.
fxg6 Kxg6 35. Rd3 1-0

[Event "Kreis-Mitte-EM"]
[Site "Zirndorf"]
[Date "2012.01.07"]
[Round "5.8"]
[White "Berg, Winfried"]
[Black "Siegl, Melina"]
[Result "0-1"]
[WhiteElo "1596"]
[BlackElo "1692"]
[PlyCount "66"]
[EventDate "2012.??.??"]
[WhiteTeam "SW Nürnberg Süd"]
[BlackTeam "SW Nürnberg Süd"]

1. c4 g6 2. g3 Bg7 3. Bg2 d6 4. Nc3 f5 5. e3 e5 6. d3 Nf6 7. Nge2 O-O 8. O-O c6
9. b4 Be6 10. Rb1 d5 11. cxd5 Nxd5 12. b5 b6 13. bxc6 Nxc6 14. Nxd5 Bxd5 15.
Bxd5+ Qxd5 16. Qb3 Rfd8 17. Rd1 Rd7 18. Rb2 Rad8 19. Qxd5+ Rxd5 20. Rbd2 Kf7
21. Bb2 Na5 22. Bc3 Nc6 23. f4 b5 24. fxe5 Bxe5 25. Bxe5 Nxe5 26. Kf2 Rxd3 27.
Rxd3 Rxd3 28. Rxd3 Nxd3+ 29. Kf3 Nc5 30. Nf4 Ne4 31. Nd5 a5 32. Kf4 b4 33. g4
Nc3 0-1

[Event "Kreis-Mitte-EM"]
[Site "Zirndorf"]
[Date "2012.01.07"]
[Round "5.9"]
[White "Dietrich, Thomas"]
[Black "Schanz, Karlheinz"]
[Result "1/2-1/2"]
[WhiteElo "1524"]
[BlackElo "1782"]
[PlyCount "85"]
[EventDate "2012.??.??"]
[WhiteTeam "SC Anderssen Nbg."]
[BlackTeam "SC Mühlhof-R'dorf"]

1. e4 d5 2. exd5 Qxd5 3. Nc3 Qa5 4. Nf3 c6 5. Bc4 Bf5 6. d4 Nf6 7. Bd2 Qc7 8.
h3 h6 9. a3 e6 10. Bb3 Nbd7 11. Qe2 O-O-O 12. Ne5 Nxe5 13. dxe5 Nd7 14. f4 h5
15. Be3 Bc5 16. O-O-O Bxe3+ 17. Qxe3 Qb6 18. Qxb6 Nxb6 19. Rxd8+ Rxd8 20. Rd1
h4 21. Rxd8+ Kxd8 22. Kd2 Nd7 23. Bc4 g5 24. Ke3 Bxc2 25. Ne4 Bxe4 26. Kxe4
gxf4 27. Kxf4 Ke7 28. Be2 a5 29. Kg4 Nxe5+ 30. Kxh4 Kf6 31. g4 b5 32. Kg3 b4
33. axb4 axb4 34. b3 Nd7 35. h4 Nc5 36. Bd1 e5 37. g5+ Kg7 38. Kg4 f6 39. h5
fxg5 40. Kxg5 Nd3 41. Kf5 Kh6 42. Bc2 e4 43. Kxe4 1/2-1/2

[Event "Kreis-Mitte-EM"]
[Site "Zirndorf"]
[Date "2012.01.07"]
[Round "5.10"]
[White "Weißmann, Peter"]
[Black "Nagel, Felix"]
[Result "0-1"]
[WhiteElo "1762"]
[BlackElo "1763"]
[PlyCount "70"]
[EventDate "2012.??.??"]
[WhiteTeam "SK Zirndorf"]
[BlackTeam "SC Anderssen Nbg."]

1. e4 e5 2. d4 exd4 3. Nf3 Bc5 4. Bc4 Ne7 5. Ng5 d5 6. exd5 Ng6 7. O-O O-O 8.
c3 dxc3 9. Nxc3 h6 10. Nge4 Bd6 11. Nxd6 cxd6 12. Qh5 Re8 13. Be3 Nd7 14. Bd4
Nf6 15. Bxf6 Qxf6 16. Rfe1 Bd7 17. Ne4 Qxb2 18. Nxd6 Rxe1+ 19. Rxe1 Qb4 20. Re7
Qxd6 21. Re4 Re8 22. Rxe8+ Bxe8 23. Qe2 Qe5 24. Qd1 Qd6 25. Qe2 Kf8 26. Bb5
Bxb5 27. Qxb5 Qb6 28. Qd3 Nf4 29. Qd1 Nxd5 30. g3 Nc3 31. Qf3 Nxa2 32. Qa3+ Nb4
33. Qc3 a5 34. Qc8+ Ke7 35. Qh8 Nd3 0-1